明治时期日本元老列表 - Statistics

General Stats
  • This quiz has been taken 34 times
  • The average score is 3 of 8
Answer Stats
出身 姓名 % Correct
长州藩 伊藤博文
83%
公家 西园寺公望
67%
萨摩藩 西乡从道
57%
长州藩 山县有朋
50%
萨摩藩 黑田清隆
27%
萨摩藩 大山岩
17%
萨摩藩 松方正义
17%
长州藩 井上馨
7%
No matching quizzes found
Score Distribution
Percent of People with Each Score
Percentile by Number Answered
Your Score History
You have not taken this quiz